[Event "Rivera Huila Hernandez Memorial-B"]
[Site "Rivera Huila"]
[Date "2023.07.23"]
[Round "7"]
[White "Parra Pino, Jesus David"]
[Black "Melgarejo Luna, Jonathan"]
[Result "0-1"]
[WhiteElo "1365"]
[BlackElo "1631"]
[PlyCount "78"]
[EventDate "2023.07.20"]
[EventType "swiss"]
[EventRounds "7"]
[EventCountry "COL"]
[SourceTitle "CBM 215 Extra"]
[Source "ChessBase"]
[SourceDate "2023.09.30"]
[SourceVersion "1"]
[SourceVersionDate "2023.09.30"]
[SourceQuality "1"]

1. e4 e6 2. d4 d5 3. exd5 exd5 4. Nf3 Bd6 5. Bd3 Nf6 6. 0-0 0-0 7. Nc3 Bg4 8. Bg5 c6 9. h3 Bh5 10. Re1 Nbd7 11. Be2 Qb6 12. Rb1 Rae8 13. Ne5 Bxe5 14. dxe5 Rxe5 15. Be3 Bxe2 16. Rxe2 Qa6 17. Bc5 Rfe8 18. Rxe5 Rxe5 19. Bd4 Re6 20. Qf3 Qc4 21. Bxa7 b6 22. Qg3 d4 23. Qf4 Qa6 24. Qxd4 Qxa7 25. g4 Qa5 26. b4 Qe5 27. Qxe5 Rxe5 28. Rd1 h6 29. f4 Re3 30. Nb1 Rxh3 31. Kg2 Re3 32. g5 Nd5 33. c4 Nxf4+ 34. Kf2 Re7 35. gxh6 g5 36. Nc3 Ne5 37. Rd8+ Kh7 38. Kg3 Nxc4 39. Rd4 Re3+ 0-1

[Event "Tunja Boyacense op"]
[Site "Tunja"]
[Date "2018.12.14"]
[Round "2"]
[White "Rojas Castillo, Andrea Lizeth"]
[Black "Melgarejo Luna, Jonathan"]
[Result "1-0"]
[WhiteElo "1696"]
[BlackElo "1600"]
[PlyCount "61"]
[EventDate "2018.12.13"]
[EventType "swiss"]
[EventRounds "7"]
[EventCountry "COL"]
[SourceTitle "CBM 187 Extra"]
[Source "ChessBase"]
[SourceDate "2018.11.04"]
[SourceVersion "1"]
[SourceVersionDate "2018.11.04"]
[SourceQuality "1"]

1. d4 e6 2. Bf4 d5 3. e3 c5 4. c3 Nf6 5. Nd2 Nc6 6. Ngf3 a6 7. a4 b6 8. Bd3 Be7 9. h3 Bb7 10. 0-0 Nh5 11. Bh2 Bd6 12. Ne5 Bxe5 13. dxe5 g6 14. f4 c4 15. Bc2 Ng7 16. e4 Na5 17. Qe2 Rc8 18. Nf3 dxe4 19. Bxe4 Bxe4 20. Qxe4 Nf5 21. Rad1 Qc7 22. g4 Qc5+ 23. Nd4 Ne7 24. Bg3 Nb3 25. Bf2 Nxd4 26. Bxd4 Qc6 27. Qxc6+ Rxc6 28. Rd2 Nd5 29. Rfd1 b5 30. axb5 axb5 31. f5 1-0